header

Thought and choice in chess (Record no. 89545)

MARC details
000 -LEADER
fixed length control field 01132nam a2200289Ia 4500
100 1# - MAIN ENTRY--AUTHOR NAME
Personal name Groot, Adrianus Dingeman de.
245 10 - TITLE STATEMENT
Title Thought and choice in chess
260 ## - PUBLICATION, DISTRIBUTION, ETC. (IMPRINT)
Place of publication Amsterdam :
Name of publisher Amsterdam University Press,
Year of publication 2008.
300 ## - PHYSICAL DESCRIPTION
Number of Pages xv, 459 p. :
Other physical details ill.
500 ## - GENERAL NOTE
General note Translation of Het denken van den schaker.
650 #0 - SUBJECT ADDED ENTRY--TOPICAL TERM
Topical Term Chess
Topical Term Chess
856 40 - ELECTRONIC LOCATION AND ACCESS
Uniform Resource Identifier http://site.ebrary.com/lib/rucke/Doc?id=10391857

No items available.

© 2026 Rongo University
Contact us: librarian | system librarian | Rongo university